| 000 | 00831nam a2200217Ia 4500 | ||
|---|---|---|---|
| 005 | 20211110120023.0 | ||
| 008 | 130821s2001 ck a gr spa | ||
| 020 | _a9587010248 | ||
| 040 |
_aCo-BoUCM _bspa _c[Nuevo] _dAldemar Mondragón (modificó) |
||
| 041 | 0 | 0 | _aspa |
| 245 | 1 | 0 |
_aDesarrollo económico y social en Colombia siglo XX _cEditor Gabriel Misas Arango |
| 260 |
_aBogotá (Colombia) _bUniversidad Nacional de Colombia _c2001 |
||
| 300 |
_a539 páginas _bilustraciones |
||
| 490 | _aCátedra Manuel Ancízar | ||
| 650 | 0 | 4 |
_aDesarrollo económico _9438 |
| 650 | 0 | 4 |
_aDesarrollo económico _ySiglo XX _zColombia _912956 |
| 650 | 0 | 4 |
_aDesarrollo social _ySiglo XX _zColombia _912991 |
| 651 |
_aColombia _xPolítica económica _927576 |
||
| 942 |
_cLIBRO _a7 _e1 _mD441 _2DEWEY _h338.9 |
||
| 999 |
_c32561 _d32561 |
||